000 00687nam a2200241 i 4500
003 DO-SdBNP
005 20240711135639.0
007 ta
008 240711b1976 sp c 00| 0 spa d
020 _a8402049893
040 _aDO-SdBNP
_bspa
_cBNPHU
_erda
082 4 _bB361
_222
100 _aBayona, José Ma.
_eautor
_986062
245 1 0 _aJuan Carlos I /
_cJosé Ma. Bayona
264 _aBarcelona, España :
_bBruguera,
_c1976.
300 _a348 páginas :
_bretratos
_c24 cm.
336 _2rdacontent
_atexto
_btxt
337 _2rdamedia
_asin mediación
_bnc
338 _2rdacarrier
_avolumen
_bnc
590 _aInventariado, 2024/ YL
910 _aYlockward
942 _2ddc
_cLBS1
999 _c57268
_d57268